000 00538nam a2200205Ia 4500
005 20260429112208.0
008 260429s9999||||xx |||||||||||||| ||und||
020 _a9789355276056
041 _aEnglish
082 _a954.87
_bRIC
100 _aRice, B. Lewis
245 0 _aInscription of the Kolar district /
_cB. Lewis Rice
250 _a1st ed.
260 _aChennai :
_bMaven Books,
_c2023.
300 _ali, 285+ p.; hb
650 _a Epigraphy
650 _a Karnataka-History
650 _aInscriptions-India
942 _cTB
999 _c52829
_d52829